000 00591nam a2200241 a 4500
001 nice12345678
003 IN_TiNIC
005 20260116011912.0
008 050524s1975 rama grp 000 0 urd
020 _a
_c5
082 0 0 _a297.63
_bISL
100 _aIslahi, Mohammad Yusuf
245 _aDa`ai-E-Azam, Zikra, April-May 1975
260 _aRampur
_bMaktaba Zikra
_c1975
300 _a208p
500 _aincludes index and biblioraphy
505 2 _aNotes
650 _aMuhammad, Prophet
700 1 _aIslahi, Mohammad Yusuf
902 _bSRS
942 _cBK
999 _c4819
_d4819